| 000 | 02858cam a2200349 i 4500 | ||
|---|---|---|---|
| 001 | 21335989 | ||
| 003 | NUST | ||
| 005 | 20220720125712.0 | ||
| 008 | 191213s2020 paua b 001 0 eng | ||
| 010 | _a 2019057490 | ||
| 020 |
_a9781799836612 _q(hardcover) |
||
| 020 |
_a9781799836629 _q(paperback) |
||
| 020 |
_z9781799836636 _q(ebook) |
||
| 040 |
_aDLC _beng _cDLC _erda _dDLC |
||
| 042 | _apcc | ||
| 050 | 0 | 0 |
_aQA76.758 _b.A3686 2020 |
| 082 | 0 | 0 |
_a005.1, RHA _223 |
| 245 | 0 | 0 |
_aAdvancements in model-driven architecture in software engineering / _cYassine Rhazali, editor. |
| 264 | 1 |
_aHershey, PA : _bEngineering Science Reference, an imprint of IGI Global, _c[2020] |
|
| 300 |
_axix, 287 pages : _bcolor illustrations ; _c29 cm |
||
| 336 |
_atext _btxt _2rdacontent |
||
| 337 |
_aunmediated _bn _2rdamedia |
||
| 338 |
_avolume _bnc _2rdacarrier |
||
| 505 | 2 | _aChapter 1 Umple: An Executable UML-Based Technology for Agile Model-Driven Development (Page1-), Chapter 2 An Automatic Generation of Domain Ontologies Based on an MDA Approach to Support Big (Page-26), Chapter 3 An Overview of Knowledge Representation With Frames (Page-46),Chapter 4 MDE and MDA in a Multi-Paradigm Modeling Perspective (Page-64),Chapter 5 Cultivating Practitioners for Software Engineering Experiments in industry: Best Practices Learned From the Experience (Page-88),Chapter 6 Integration of Agile Methodologies and Model-Driven Development: Case Study-Based Comparison (Page-108), Chapter 7 The Contribution of MDA in Software-Defined Network: A Survey (Page-118), Chapter 8 Towards a Generation of Class Diagram From User Stories in Agile Methods (Page-135), Chapter 9 Extending the Knowledge Discovery Metamodel to Support Tasks and Presentation Behaviors of Design (Page-160),Chapter 10 Model Transformation Approach According Model-Driven Architecture From BPMN to UML Up to IFML (Page-172), Chapter 11 Towards a Systematic Derivation of an Analysis Model From Business Process Models in the Context of Model-Driven Architecture (Page-192), Chapter 12 A Disciplined Method to Generate UML2 Communication Diagrams Automatically From the Business Value Model (Page-218), Chapter 13 SERIES: A Software Risk Estimator Tool Support for Requirement Risk Assessment (Page-238). | |
| 650 | 0 |
_aSoftware engineering. _92256 |
|
| 650 | 0 |
_aModel-driven software architecture. _994042 |
|
| 700 | 1 |
_aRhazali, Yassine, _d1989- _eeditor. _994043 |
|
| 776 | 0 | 8 |
_iOnline version: _tAdvancements in model-driven architecture in software engineering _dHershey, PA : Engineering Science Reference, an imprint of IGI Global, [2020] _z9781799836636 _w(DLC) 2019057491 |
| 906 |
_a7 _bcbc _corignew _d1 _eecip _f20 _gy-gencatlg |
||
| 942 |
_2ddc _cBK |
||
| 999 |
_c590392 _d590392 |
||